Nanjing City Quiz - Statistics

General Stats
  • This quiz has been taken 40 times
    39 since last reset
  • The average score is 13 of 20
Answer Stats
Hint Answer % Correct
River that flows through northwest Nanjing Yangtze River
94%
Province that Nanjing borders Anhui
85%
Province in which Nanjing is located Jiangsu
85%
Tallest mountain in Nanjing, east of the above Purple Mountain
82%
First president of the Republic of China, buried on this mountain Sun Zhongshan
82%
Number of people killed in the Nanjing Massacre in December 1937 300,000
79%
“Mother river of Nanjing”, tributary of the above Qinhuai River
73%
Republic formed in Nanjing in 1912, existing to this day Republic of China
73%
Peasant uprising centered in Nanjing, 1851 ~ 1864 Taiping Heavenly Kingdom
73%
State with its capital at Nanjing during the Three Kingdoms period Wu
73%
What “Nanjing” means Southern Capital
70%
First emperor of the Ming Dynasty, buried on this mountain Zhu Yuanzhang
67%
Famous novel of the Qing Dynasty that was set in Nanjing Dream of the Red Chamber
55%
Largest urban lake in Nanjing Xuanwu Lake
55%
Province established in the Qing Dynasty, economic center of China Jiangnan Province
52%
Most famous cuisine of Nanjing (hint: a soup) Duck Blood Soup
48%
Building in Nanjing where its president once worked Presidential Palace
48%
Where the two powerful families of the Eastern Jin Dynasty lived Wuyi Xiang
42%
Neighborhood and promenade along the above river Confucius Temple
39%
Building planned during the Ming Dynasty and finished in 2022 Yuejiang Tower
15%
No matching quizzes found
Score Distribution
Percent of People with Each Score
Percentile by Number Answered
Your Score History
You have not taken this quiz since the last reset